000 00693nam a2200241Ia 4500
003 OSt
005 20220918222710.0
006 a|||||r|||| 00| 0
007 ta
008 220917b |||||||| |||| 00| 0 eng d
024 _a217,881
037 _cTextual
040 _aARTS
_cARTS
_beng
041 _2eng
_aeng
082 _aQ41:23, M2;N6
100 _aKashyap Bhikkhu J
245 0 _aAbhidhamma philosophy or the psycho- etical philosophy of early Buddhism
260 _aDelhi
_bBhartiya vidya prakashan
_c1996
300 _axv, 265p.+Index 8p.
_ccm.
650 _aRELIGION
942 _hQ41:23, M2;N6
_cTEXL
_2CC
999 _c276222
_d276222